Southville International School and Colleges
Your cart is empty.
  • Cart
  • Lists
    Public lists Eva Luna New books Lux_list list_1
    Your lists Log in to create your own lists
  • Log in to your account
  • Your cookies
  • Search history
Southville International School and Colleges
  • Advanced search
  • Recent comments
  • Most popular
  • Libraries

Log in to your account

Log in with GOOGLE


If you do not have an external account, but do have a local account, you can still log in:

  1. Home
  2. MARC view: Que's computer & Internet dictionary /
Normal view MARC view ISBD view

Que's computer & Internet dictionary / (Record no. 3)

[ view plain ]
MARC details
000 -LEADER
fixed length control field 01354cam a2200397 a 4500
001 - CONTROL NUMBER
control field 674868
003 - CONTROL NUMBER IDENTIFIER
control field OSt
005 - DATE AND TIME OF LATEST TRANSACTION
control field 20140310181617.0
008 - FIXED-LENGTH DATA ELEMENTS--GENERAL INFORMATION
fixed length control field 951016s1995 inua d 000 0 eng d
010 ## - LIBRARY OF CONGRESS CONTROL NUMBER
LC control number 95078878
020 ## - INTERNATIONAL STANDARD BOOK NUMBER
International Standard Book Number 971656080x
035 ## - SYSTEM CONTROL NUMBER
System control number (OCoLC)33190461
040 ## - CATALOGING SOURCE
Original cataloging agency OCo
Transcribing agency OCo
Modifying agency DLC
-- DLC
042 ## - AUTHENTICATION CODE
Authentication code lccopycat
050 00 - LIBRARY OF CONGRESS CALL NUMBER
Classification number QA 76.15
Item number .P523 1995
082 00 - DEWEY DECIMAL CLASSIFICATION NUMBER
Classification number REF 004.16
-- P47 1995
100 1# - MAIN ENTRY--PERSONAL NAME
Personal name Pfaffenberger, Bryan,
Dates associated with a name 1949-
245 10 - TITLE STATEMENT
Title Que's computer & Internet dictionary /
Statement of responsibility, etc by Bryan Pfaffenberger with David Wall.
246 30 - VARYING FORM OF TITLE
Title proper/short title Que's computer and Internet dictionary
246 30 - VARYING FORM OF TITLE
Title proper/short title Computer & Internet dictionary
246 30 - VARYING FORM OF TITLE
Title proper/short title Computer and Internet dictionary
250 ## - EDITION STATEMENT
Edition statement 6th ed.
260 ## - PUBLICATION, DISTRIBUTION, ETC. (IMPRINT)
Place of publication, distribution, etc Carmel, IN :
Name of publisher, distributor, etc Que,
Date of publication, distribution, etc c1995.
300 ## - PHYSICAL DESCRIPTION
Extent x, 574 p. :
Other physical details ill. ;
Dimensions 21 cm.
500 ## - GENERAL NOTE
General note Previous eds. published under title: Queʼs computer userʼs dictionary.
521 ## - TARGET AUDIENCE NOTE
Target audience note
541 ## - IMMEDIATE SOURCE OF ACQUISITION NOTE
-- 1
562 ## - COPY AND VERSION IDENTIFICATION NOTE
Number of copies 1
650 #0 - SUBJECT ADDED ENTRY--TOPICAL TERM
Topical term or geographic name as entry element Computers
Form subdivision Dictionaries.
650 #0 - SUBJECT ADDED ENTRY--TOPICAL TERM
Topical term or geographic name as entry element Internet
Form subdivision Dictionaries.
700 1# - ADDED ENTRY--PERSONAL NAME
Personal name Wall, David,
Dates associated with a name 1974-
700 1# - ADDED ENTRY--PERSONAL NAME
Personal name Pfaffenberger, Bryan,
Dates associated with a name 1949-
Title of a work Queʼs computer userʼs dictionary.
906 ## - LOCAL DATA ELEMENT F, LDF (RLIN)
a 7
b cbc
c copycat
d 2
e opcn
f 19
g y-gencatlg
942 ## - ADDED ENTRY ELEMENTS (KOHA)
Source of classification or shelving scheme Library of Congress Classification
Koha item type
Edition 6th
Holdings
Withdrawn status Lost status Source of classification or shelving scheme Damaged status Home library Current library Shelving location Date acquired Total Checkouts Full call number Barcode Date last seen Copy number Price effective from Koha item type
    Library of Congress Classification   Luxembourg Library Luxembourg Library Reference Section 12/20/2011   QA 76.15 .P387 1995 11343 05/25/2015 1 10/03/2013 Books

Que's computer & Internet dictionary /

APA

Pfaffenberger B., Wall D. & Pfaffenberger B. (1995). Que's computer & Internet dictionary. Carmel, IN: Que.

Chicago

Pfaffenberger Bryan, Wall David and Pfaffenberger Bryan. 1995. Que's computer & Internet dictionary. Carmel, IN: Que.

Harvard

Pfaffenberger B., Wall D. and Pfaffenberger B. (1995). Que's computer & Internet dictionary. Carmel, IN: Que.

MLA

Pfaffenberger Bryan, Wall David and Pfaffenberger Bryan. Que's computer & Internet dictionary. Carmel, IN: Que. 1995.

  • Print
  • Cite
  • Add to your cart (remove)
  • Save record
    BIBTEX Dublin Core MARCXML MARC (non-Unicode/MARC-8) MARC (Unicode/UTF-8) MARC (Unicode/UTF-8, Standard) MODS (XML) RIS
  • More searches
    Search for this title in:
    Other Libraries (WorldCat) Other Databases (Google Scholar) Online Stores (Bookfinder.com) Open Library (openlibrary.org)

Exporting to Dublin Core...

SOUTHVILLE LIBRARY

Southville International School and Colleges Library

1281 Tropical Ave. Cor. Luxembourg St., BF Homes International, Las Pinas City

Tel. No. 8256374 / 252358 Loc. 117/146

Powered by Koha